| 000 | 01088nam a2200241Ia 4500 | ||
|---|---|---|---|
| 003 | Ost | ||
| 005 | 20260416102352.0 | ||
| 008 | 260416s9999||||xx |||||||||||||| ||und|| | ||
| 040 | _cfsecg | ||
| 041 | _aara | ||
| 082 | _a512.5 | ||
| 100 |
_aدحماني، فاطمة _eمؤلف |
||
| 245 | 0 |
_aتحليل المعطيات / _c فاطمة دحماني |
|
| 260 |
_aالجزائر _bجامعة الجزائر3: كلية العلوم الإقتصادية، العلوم التجارية وعلوم التسيير _c2017 |
||
| 300 |
_a137 ورقة _bايضاحات _c30 سم |
||
| 504 | _aمراجع ص.137 | ||
| 520 | _aمفاهيم عامة في الجبر الخطي، التحليل بالمركبات الأساسية، التحليل العاملي التقابلي، التصنيف التسلسلي | ||
| 653 | _aالجبر | ||
| 653 | _aالجبر الخطي | ||
| 653 | _aالرياضيات | ||
| 710 |
_aجامعة الجزائر3: كلية العلوم الإقتصادية، العلوم التجارية وعلوم التسيير _eناشر علمي |
||
| 942 | _cHANDOUT | ||
| 999 |
_c41029 _d41029 |
||